Steve Jobs : (Registro nro. 8122)
[ vista simple ]
| 000 -CABECERA | |
|---|---|
| Longitud fija campo de control | 00986nam a2200277 a 4500 |
| 003 - • IDENTIFICADOR DELl NÚMERO DE CONTROL | |
| Identificador del número de control | CO-ViMGA |
| 005 - • FECHA Y HORA DE LA ÚLTIMA TRANSACCIÓN | |
| Fecha y hora de la última transacción | 20230915225022.0 |
| 008 - • CÓDIGOS DE INFORMACIÓN DE LONGITUD FIJA | |
| Códigos de información de longitud fija | 130902s2013 ck gr 000 0dspa d |
| 020 ## - • NÚMERO INTERNACIONAL NORMALIZADO PARA LIBROS | |
| Número Internacional Normalizado para Libros (ISBN) | 9789588773568 |
| 040 ## - FUENTE DE LA CATALOGACIÓN | |
| Centro catalogador de origen | CO-ViMGA |
| Lengua de catalogación | spa |
| Centro transcriptor | CO-ViMGA |
| 043 ## - CÓDIGO DE ÁREA GEOGRÁFICA | |
| Código de área geográfica | n-us--- |
| 082 04 - • NÚMERO DE LA CLASIFICACIÓN DECIMAL DEWEY | |
| Número de clasificación (R) | 926 |
| Número del ítem | J61i2 |
| Número de edición | 21 |
| 100 1# - • PUNTO DE ACCESO PRINCIPAL-NOMBRE DE PERSONA | |
| Nombre de persona | Isaacson, Walter. |
| 245 10 - • TITULO PROPIAMENTE DICHO | |
| Título | Steve Jobs : |
| Resto del título | la biografía / |
| 300 ## - • DESCRIPCIÓN FÍSICA | |
| Extensión | 737 p., [14] p. de láminas : |
| Otras características físicas | il. ; |
| Dimensiones | 22 cm. |
| 490 0# - • MENCIÓN DE SERIE | |
| Mención de serie | Debolsillo ; |
| Designación de volumen o secuencia | 977 |
| 504 ## - • NOTA DE BIBLIOGRAFÍA, ETC | |
| Nota de bibliografía, etc. | Incluye bibliografía e índice. |
| 534 ## - • Nota De Versión Original | |
| -- | Título original : |
| Título | Steve Jobs. |
| 600 14 - • PUNTO DE ACCESO ADICIONAL DE MATERIA - NOMBRE DE PERSONA | |
| Nombre de persona | Jobs, Steven, |
| Fechas asociadas al nombre | 1955-2011 |
| Subdivisión de forma (R ) | Biografías. |
| 600 14 - • PUNTO DE ACCESO ADICIONAL DE MATERIA - NOMBRE DE PERSONA | |
| Nombre de persona | Jobs, Steven, |
| Fechas asociadas al nombre | 1955-2011 |
| Subdivisión de materia general (R ) | Toma de decisiones. |
| 610 24 - • PUNTO DE ACCESO ADICIONAL DE MATERIA - NOMBRE DE ENTIDAD CORPORATIVA | |
| Nombre de entidad corporativa o nombre de jurisdicción como elemento inicial | Apple Computer Incorporated |
| Subdivisió,n de materia general | Historia. |
| 650 14 - • PUNTO DE ACCESO ADICIONAL DE MATERIA - TÉRMINO DE MATERIA | |
| Término de materia o nombre geográfico como elemento inicial | Industria de los computadores |
| Subdivisión de materia general | Historia |
| Subdivisión geográfica | Estados Unidos. |
| 700 1# - • PUNTO DE ACCESO ADICIONAL - NOMBRE DE PERSONA | |
| Nombre de persona | González-Iglesias González, David, |
| Término indicativo de función | tr. |
| 942 ## - ENTRADA DE ELEMENTOS AGREGADOS (KOHA) | |
| Fuente de clasificaión o esquema | Dewey Decimal Classification |
| Koha [por defecto] tipo de item | LIbro |
| Perdido | Fuente de clasificación o esquema | Estado Físico | No para préstamo | Forma de adquisición | Localización permanente | Localización actual | Fecha adquisición | Préstamos totales | Signatura completa | Código de barras | Fecha última consulta | Fecha último préstamo | Fecha del precio de reemplazo | Tipo de item de Koha | Localización en estanterías | Número de copia |
|---|---|---|---|---|---|---|---|---|---|---|---|---|---|---|---|---|
| Dewey Decimal Classification | Sala General Segundo Piso | Biblioteca Pública Germán Arciniegas - Villavicencio | Biblioteca Pública Germán Arciniegas - Villavicencio | 12/02/2015 | 2 | 926 J61i2 | 28891 | 03/06/2019 | 02/23/2019 | 12/02/2015 | LIbro | |||||
| Dewey Decimal Classification | Colección General | Biblioteca Pública Medellin del Ariari - El Castillo | Biblioteca Pública Medellin del Ariari - El Castillo | 11/09/2024 | 926 I71s | BM0001734 | 11/09/2024 | 11/09/2024 | LIbro | General | Ej.1 |